Young Sheldon Quiz - Statistics

General Stats
  • This quiz has been taken 413 times
  • The average score is 7 of 15
Answer Stats
Hint Answer % Correct
Sheldon age when dad died 14
92%
Mary's job location Church
76%
Georgie accidentally had a kid with Mandy
74%
Meemaw's _____ Recipe Brisket
70%
Who is smarter than Sheldon? Paige
64%
Cooper family religious branch Baptist
57%
Sheldon's college East Texes Tech, Caltech
41%
Church Pastor Pastor Jeff, Pastor Rob
39%
Church Receptionist Peg
39%
Sheldon Cooper Religion Atheist, None
37%
George Coopers Fling Brenda Sparks
33%
Name of new spinoff show Georgie and Mandy's First Marriage
33%
Georgie baptized crush Veronica Duncan
33%
Meemaw's first husband Pop-pop,Charlie
21%
Missy has this bedroom poster Cindi Lauper
5%
No matching quizzes found
Score Distribution
Percent of People with Each Score
Percentile by Number Answered
Your Score History
You have not taken this quiz